| 000 | 00732nam a2200253Ia 4500 | ||
|---|---|---|---|
| 003 | OSt | ||
| 005 | 20220925235657.0 | ||
| 006 | a|||||r|||| 00| 0 | ||
| 007 | ta | ||
| 008 | 220923b |||||||| |||| 00| 0 eng d | ||
| 020 | _a8171419221 | ||
| 037 | _cGeneral Book | ||
| 040 |
_aRTL _cRTL _beng |
||
| 041 |
_2eng _aeng |
||
| 082 | _aU6715:(G:55), P5 | ||
| 100 |
_aNarasaiah M Lakshmi _9258086 |
||
| 245 | 0 | _aWater and sustainable tourism | |
| 260 |
_a New Delhi _bDiscovery Publishers India _c2005 |
||
| 300 |
_a126p _ccm. |
||
| 500 | _aBibliography p113-120 | ||
| 650 |
_aWater Resources Geography _9258759 |
||
| 942 |
_hU6715:(G:55), P5 _cGB _2CC |
||
| 999 |
_c597678 _d597678 |
||